La France et les Oscars - Statistiques

Statistiques générales
  • Ce quiz a été pris 72 fois
  • Le résultat moyen est 16 sur 57
Statistiques - réponses
TYPE ANNEE NOM % Correct
Acteur lauréat 2012 Jean Dujardin
89%
Film lauréat 2012 The {Artist}
82%
Actrice lauréate 2008 Marion Cotillard
80%
Actrice nommée 2015 Marion Cotillard
80%
Actrice lauréate 1960 Simone Signoret
63%
Actrice nommée 1966 Simone Signoret
63%
Actrice nommée 2017 Isabelle Huppert
52%
Actrice nommée 2001 Juliette Binoche
52%
Second rôle lauréate 1997 Juliette Binoche
52%
Acteur nommé 1991 Gérard Depardieu
51%
Réalisateur lauréat 2012 Michel Hazanavicius
49%
Actrice nommée 1993 Catherine Deneuve
43%
Actrice nommée 1976 Isabelle Adjani
43%
Actrice nommée 1990 Isabelle Adjani
43%
Second rôle nommé(e) 2012 Bérénice Béjo
38%
Film nommé 1939 La Grande {illusion}
37%
Film nommé 1982 Atlantic {City}
34%
Actrice lauréate 1935 Claudette Colbert
29%
Actrice nommée 1936 Claudette Colbert
29%
Actrice nommée 1945 Claudette Colbert
29%
Réalisateur nommé 1975 François Truffaut
29%
Oscar d'honneur 2011 Jean-Luc Godard
29%
Réalisateur lauréat 2003 Roman Polanski
29%
Réalisateur nommé 1975 Roman Polanski
29%
Réalisateur nommé 1981 Roman Polanski
29%
Actrice nommée 2013 Emmanuelle Riva
28%
Film lauréat 2022 Coda
26%
Acteur nommé 1930 Maurice Chevalier
25%
Oscar d'honneur 1959 Maurice Chevalier
25%
Oscar d'honneur 2018 Agnès Varda
23%
Film nommé 2003 Le {Pianiste}
23%
Film nommé 2021 The {Father}
20%
Oscar d'honneur 1975 Jean Renoir
18%
Réalisateur nommé 1946 Jean Renoir
18%
Réalisateur nommé 1982 Louis Malle
18%
Actrice nommée 1967 Anouk Aimée
17%
Acteur nommé 1938 Charles Boyer
17%
Oscar d'honneur 1943 Charles Boyer
17%
Réalisateur lauréat 2017 Damien Chazelle
15%
Réalisateur nommé 1967 Claude Lelouch
14%
Film nommé 1970 Z
12%
Actrice nommée 1977 Marie-Christine Barrault
11%
Film nommé 2013 Amour
9%
Réalisateur nommé 1970 Costa-Gavras
8%
Actrice nommée 1954 Leslie Caron
8%
Actrice nommée 1964 Leslie Caron
8%
Film nommé 1981 Tess
8%
Acteur nommé 2018 Timothé Chalamet
8%
Oscar d'honneur 2015 Jean-Claude Carrière
6%
Oscar d'honneur 1974 Henri Langlois
5%
Réalisateur nommé 1985 Roland Joffé
3%
Réalisateur nommé 1987 Roland Joffé
3%
Second rôle nommé(e) 1953 Colette Marchand
2%
Réalisateur nommé 1980 Edouard Molinaro
2%
Second rôle nommé(e) 1967 Jocelyne LaGarde
2%
Second rôle lauréate 1965 Lila Kedrova
2%
Second rôle nommé(e) 2012 Max von Sydow
2%
Aucun quiz correspondant
Distribution des résultats
% des personnes avec chaque résultat
Percentile par nombre de réponses
Votre historique - résultats
Vous n’avez pas pris ce quiz